| 000 | 00506nam a2200181 a 4500 | ||
|---|---|---|---|
| 001 | 14560 | ||
| 003 | CO-ViMGA | ||
| 008 | 141112s2004 ck r 000 u spa d | ||
| 020 | _a9580401233 | ||
| 040 |
_aCO-ViMGA _bspa _cCO-ViMGA |
||
| 082 | 0 | 4 | _a612.664 C178a |
| 100 | 1 |
_aCarvajal de Guerrero, María Eugenía _921287 |
|
| 245 | 1 | 0 | _aLa alegría de Amamantar; Guía práctica para la lactancia. |
| 260 |
_aBarcelona : _bNorma, _c1989 |
||
| 300 | _a201 p. | ||
| 650 | 1 | 4 |
_aLACTANCIA _921288 |
| 942 |
_2ddc _cBK |
||
| 999 |
_c25148 _d25148 |
||